000 00869nam a22003017a 4500
003 CHAP
005 20220329135116.0
008 971013s1970 r 00010 d
010 _a31047
011 _a32019
035 _a36131
040 _cCHAP
082 _a190
_bL6Y
100 0 0 _aLocke, John.
_967406
245 _aCarta sobre la tolerancia y otros escritos
260 _aMéxico :
_bGrijalbo,
_c1970
300 _a155 p.
490 _aColección 70
_v; 65
590 _aBATCH-UPD
_b10
_c20130110
_lUCH01
_h1839
590 _aBATCH-UPD
_b10
_c20130410
_lUCH01
_h1210
590 _aBATCH-UPD
_b10
_c20130914
_lUCH01
_h1407
590 _aCONVERSION
_b10
_c20130109
_lUCH01
_h1318
650 1 4 _aFilosofía.
_940890
830 0 _aColección 70
_v; 65
_924662
901 _aBK
942 _cLIBRO
949 _a190 L6Y
_bBC
_cLIBRO
_d-83298
_eLIBRO
_h14352
_i36131
_si
_t25.00
999 _c31047
_d31047